Thiết kế bài giảng tiếng Việt 2 T.1

Uloženo v:
Podrobná bibliografie
Hlavní autor: Nguyễn, Trại
Další autoři: Lê, Thị Thu Huyền
Médium: Kniha
Jazyk:Undetermined
Vydáno: H. Hà Nội 2004
Témata:
On-line přístup:http://lrc.tdmu.edu.vn/opac/search/detail.asp?aID=2&ID=4436
Tagy: Přidat tag
Žádné tagy, Buďte první, kdo otaguje tento záznam!
Thư viện lưu trữ: Trung tâm Học liệu Trường Đại học Thủ Dầu Một
LEADER 00692nam a2200217Ia 4500
001 TDMU_4436
008 210410s9999 xx 000 0 und d
082 |a 372.6072 
090 |b NG525 
100 |a Nguyễn, Trại 
245 0 |a Thiết kế bài giảng tiếng Việt 2 
245 0 |c Nguyễn Trại 
245 0 |n T.1 
260 |a H. 
260 |b Hà Nội 
260 |c 2004 
300 |a 416tr 
650 |a Tiếng Việt  |x Giảng dạy và học tập; Sách lớp 2 
700 |a Lê, Thị Thu Huyền 
856 |u http://lrc.tdmu.edu.vn/opac/search/detail.asp?aID=2&ID=4436 
980 |a Trung tâm Học liệu Trường Đại học Thủ Dầu Một